A Bíblia na linguagem de hoje (Record no. 155722)

MARC details
000 -LÍDER
campo de controle de tamanho fixo 00336 a2200133 4500
001 - NÚMERO DE CONTROLE
campo de controle 155722
040 ## - FONTE DA CATALOGAÇÃO
Instituição que transcreveu o registro Escola São Tomás de Aquino
240 10 - TÍTULO UNIFORME
Título uniforme A Bíblia na linguagem de hoje
Idioma da obra por
245 10 - TÍTULO
Título A Bíblia na linguagem de hoje
300 ## - DESCRIÇÃO FÍSICA
Extensão 739
440 #1 - DECLARAÇÃO DE SÉRIE/ENTRADA ADICIONADA--TÍTULO
Título Sociedade Bíblica do Brasil
697 ## - ENTRADA DE ASSUNTO LOCAL--ENTIDADE COLETIVA (RLIN)
Nome corporativo ou nome da jurisdição Novo Testamento
942 ## - ELEMENTOS DE ENTRADA ADICIONADOS (KOHA)
Tipo de material Koha Livros
Holdings
Situação do descarte Situação das perdas Situação física Não pode ser emprestado Biblioteca de origem Biblioteca atual Data de aquisição Total de empréstimos Número de chamada completo Código de barras Data de último acesso Data do preço efetivo Tipo de material Koha
        ESTA - SÃO BENTO ESTA - SÃO BENTO 30/04/2024   225 BIB EST00009807 30/04/2024 30/04/2024 Livros